Imagen 1 Imagen 2 Imagen 3 Imagen 4 Imagen 5 Imagen 6

Miscelánea de Negocios. (Registro nro. 53676)

Detalles MARC
000 -LEADER
campo de control de longitud fija 00818nam a22002177a 4500
003 - IDENTIFICADOR DE NÚMERO DE CONTROL
campo de control peliumch
005 - FECHA Y HORA DE LA ÚLTIMA TRANSACCIÓN
campo de control 20260304154855.0
007 - CAMPO FIJO DE DESCRIPCIÓN FÍSICA--INFORMACIÓN GENERAL
campo de control de longitud fija ta
008 - DATOS DE LONGITUD FIJA--INFORMACIÓN GENERAL
campo de control de longitud fija 260304b |||||||| |||| 00| 0 eng d
020 ## - NÚMERO INTERNACIONAL ESTÁNDAR DEL LIBRO
Número Internacional Estándar del Libro 9789871456246
040 ## - FUENTE DE CATALOGACIÓN
Centro catalogador/agencia de origen UMCH
Lengua de catalogación spa
Centro/agencia transcriptor UMCH
Centro/agencia modificador arm
Normas de descripción rda
041 ## - CÓDIGO DE IDIOMA
Código de lengua del texto/banda sonora o título independiente spa
082 ## - NÚMERO DE LA CLASIFICACIÓN DECIMAL DEWEY
Número de clasificación 332/E15/2008/M
Número de edición Primera edición.
245 ## - MENCIÓN DEL TÍTULO
Título Miscelánea de Negocios.
250 ## - MENCION DE EDICION
Mención de edición Primera edición.
300 ## - DESCRIPCIÓN FÍSICA
Extensión 200 p.
Dimensiones 20x14 cm.
505 0# - NOTA DE CONTENIDO CON FORMATO
Información miscelánea 1 :
Título Las empresas en sus comienzos --
Información miscelánea 2 :
Título Las empresas familiares más antiguas --
Información miscelánea 3 :
Título Los periódicos más antiguos que aún se encuentran en circulación --
Información miscelánea 4 :
Título La prensa de negocios --
Información miscelánea 5 :
Título Las empresas más grandes del mundo --
Información miscelánea 6 :
Título Las empresas más grandes de los EE.UU.
700 ## - ENTRADA AGREGADA--NOMBRE PERSONAL
Nombre de persona The Economist
Término indicativo de función/relación autor
942 ## - ELEMENTOS DE ENTRADA SECUNDARIOS (KOHA)
Fuente del sistema de clasificación o colocación Clasificación Decimal Dewey
Tipo de ítem Koha Libros
Suprimir en OPAC No
Existencias
Estatus retirado Estado de pérdida Fuente del sistema de clasificación o colocación Estado de daño No para préstamo Biblioteca de origen Biblioteca actual Fecha de adquisición Total checkouts Signatura topográfica completa Código de barras Visto por última vez Copia número Precio de reemplazo Tipo de ítem Koha
    Clasificación Decimal Dewey     Biblioteca Central Biblioteca Central 04/03/2026   332/E15/2008/M 035884 04/03/2026 1 04/03/2026 Libros

Horarios de atención

De Lunes a Viernes de 8:00 a.m. -7:00 p.m.
Sábados de 8:00 a.m. - 5:00 p.m.



Email:
 biblioteca@umch.edu.pe

Teléfono: (01) 4490449 anexo 400 y 401
WhatsApp: +51 946 208 593